| 000 | 00603nam a22001697a 4500 | ||
|---|---|---|---|
| 003 | UA-OsUOA | ||
| 001 | 14096 | ||
| 007 | ta | ||
| 008 | 20030721b un ||||| |||| 00| 0 ukr d | ||
| 942 | _cSA | ||
| 040 |
_aUA-OsUOA _cUA-OsUOA _dUA-OsUOA |
||
| 245 |
_aПоліська фазенда:Кінець 19-початок 20 ст. _b[З історії архітектур. вирішення забудови двору у р-нах Волинського Полісся] |
||
| 300 | _aС.9 | ||
| 955 | _a0 | ||
| 773 | 0 |
_w0 _tОго _dРівне _d2003 _g№109/26 черв./ |
|
| 650 | 7 |
_aАрхітектура _2UDC |
|
| 999 |
_c300257 _d300257 |
||